000 00586nam a22001817a 4500
005 20231117132543.0
008 231117b |||||||| |||| 00| 0 eng d
020 _a0702107786
041 _aEnglish
082 _a343.4 SIL
100 _aSilke, AS ; Divaris, C and Stein, ML
_lEnglish
245 _aSilke on South African Income Tax /
_cAS Silke, C Divaris and ML Stein
250 _aEighth Edition
260 _aCape Town :
_bJuta and Company Ltd,
_c1976
300 _bv, 237 pages ;
_c26 cm.
650 _aLegal practice
_bLaw
942 _cBK
_6ALISON_BN_VRIES
999 _c771
_d771